Microsoft System Center Configuration Manager Cookbook - Second Edition /

Over 60 applicable recipes to administer and manage System Center Configuration Manager Current Branch About This Book Overcome the challenges of administering System Center Configuration Manager when deploying single and multiple-hierarchy sites Help your organization to build a custom-line of busi...

Full description

Bibliographic Details
Main Authors: Hammoudi, Samir (Author), Damdinsuren, Chuluunsuren (Author), Mason, Brian (Author), Ramsey, Greg (Author)
Corporate Author: Safari, an O'Reilly Media Company
Format: eBook
Language:English
Published: Packt Publishing, 2016.
Edition:2nd edition.
Subjects:
Online Access:Connect to this electronic resource

MARC

Tag First Indicator Second Indicator Subfields
LEADER 00000uam a2200000 a 4500
001 in00004251921
005 20260128223559.9
006 m o d
007 cr cn
008 251116s2016 xx o eng
020 |z 9781785881206 
020 |z 9781785880377 
035 |a (CaSebORM)9781785881206 
040 |d UtOrBLW 
041 0 |a eng 
100 1 |a Hammoudi, Samir,  |e author. 
245 1 0 |a Microsoft System Center Configuration Manager Cookbook - Second Edition /  |c Hammoudi, Samir. 
250 |a 2nd edition. 
264 1 |b Packt Publishing,  |c 2016. 
300 |a 1 online resource (354 pages) 
336 |a text  |b txt  |2 rdacontent 
337 |a computer  |b c  |2 rdamedia 
338 |a online resource  |b cr  |2 rdacarrier 
347 |a text file 
520 |a Over 60 applicable recipes to administer and manage System Center Configuration Manager Current Branch About This Book Overcome the challenges of administering System Center Configuration Manager when deploying single and multiple-hierarchy sites Help your organization to build a custom-line of business apps and also protect the server against malware threats with Endpoint protection Get easy guidance and best practices to help you work with SCCM Who This Book Is For If you are an intermediate to advanced administrator who wants to administer SCCM and understand how to solve particular problems/scenarios, then this book is for you. You should have a working knowledge of SCCM, however, knowledge of the latest version is not required. What You Will Learn Administer System Center Configuration Manager Upgrade computers from Windows 7/ 8.x to Windows 10, using Serivce Plans to keep Windows 10 machines up to date Manage Compliance Settings effectively and monitor it with SSRS Manage Sites in System Center Configuration Manager and also learn to create collections, leverage role-based administration (RBA), and support clients over the internet without a VPN connection Implement multiple methods to deploy the client, as well as how to be proactive in monitoring client agent health Achieve Mobile device management with Microsoft Intune In Detail This practical cookbook is based on the 1602 current branch of System Center Configuration Manager (SCCM). It shows you how to administer SCCM, giving you an essential toolbox of techniques to solve real-world scenarios. Packed with over 60 task-based and instantly usable recipes, you'll discover how design a SCCM Infrastructure, and dive into topics such as the recommended SQL configuration for SCCM and how to deploy Windows 10 with Operating System Deployment (OSD). You will learn to easily manage Windows 10 devices by deploying applications, software updates, and feature upgrades, andl be able to leverage Mobile Device Management (MDM) using SCCM and Microsoft Intune. Finally, you see how to gather the inventory of all your PC park and create reports based on it. By the end of the book, you will have learned the best practices when working with SCCM and have a handy reference guide for troubleshooting. Style and approach This cookbook is full of quick recipes that show you how to administer SCCM and will help you understand how to solve particular problems/situations encountered in day-to-day tasks. 
533 |a Electronic reproduction.  |b Boston, MA :  |c Safari,  |n Available via World Wide Web. 
538 |a Mode of access: World Wide Web. 
542 |f Copyright © Packt Publishing 
588 |a Online resource; Title from title page (viewed November 23, 2016) 
500 |a Electronic resource. 
655 7 |a Electronic books.  |2 local 
700 1 |a Damdinsuren, Chuluunsuren,  |e author. 
700 1 |a Mason, Brian,  |e author.  |0 http://id.loc.gov/authorities/names/n2001067943 
700 1 |a Ramsey, Greg,  |e author.  |0 http://id.loc.gov/authorities/names/n2009031103 
710 2 |a Safari, an O'Reilly Media Company. 
856 4 0 |u https://proxy.library.tamu.edu/login?url=https://go.oreilly.com/TAMU/library/view/-/9781785881206/?ar  |z Connect to this electronic resource  |t 0 
999 f f |s 1119ce8c-1c2a-346a-a4d1-6c0ceb871bdd  |i de916748-e8a4-30ca-bffd-a5098c49e004  |t 0 
952 f f |a Texas A&M University  |b College Station  |c Electronic Resources  |s www_evans  |d Available Online  |t 0  |h No information provided 
998 f f |t 0  |l Available Online